| 000 | 00493nam a22001817a 4500 | ||
|---|---|---|---|
| 003 | CEME | ||
| 005 | 20210628204153.0 | ||
| 008 | 210113b xxu||||| |||| 00| 0 eng d | ||
| 020 | _a9780070607439 | ||
| 040 | _cceme | ||
| 082 | _a670.427 KOR | ||
| 100 |
_aKoren, Yoram _966432 |
||
| 245 | _aComputer control of manufacturing systems | ||
| 260 |
_aNEW DELHI _bTATA MCGRAW HILL _c2011 |
||
| 300 | _aXVI, 285P | ||
| 650 |
_aCOMPUTER CONTROL -MANUFACTURING SYSTEMS. _969088 |
||
| 942 |
_cBK _2ddc |
||
| 999 |
_c576497 _d576497 |
||